Teoría social del derecho

محفوظ في:
التفاصيل البيبلوغرافية
المؤلف الرئيسي: Botero Uribe, Darío (مؤلف)
التنسيق: كتاب
اللغة:الإسبانية
منشور في: Bogotá Universidad Nacional de Colombia 1993
الموضوعات:
الوسوم: إضافة وسم
لا توجد وسوم, كن أول من يضع وسما على هذه التسجيلة!

MARC

LEADER 00000nam a2200000 a 4500
001 UCX9152
003 CL-VaPUC
008 940518e19930000CK |||||||||||||||||spa|d
082 0 4 |a 340.115  |b BOT  |2 21 
100 0 |a Botero Uribe, Darío  |e author  |9 326481 
245 1 0 |a Teoría social del derecho 
300 |a 139 p 
942 |c BK 
945 |d 19940518 00:00:00  |a aalvarez 
260 |a Bogotá  |b Universidad Nacional de Colombia  |c 1993 
650 7 |a DERECHO  |2 CL-VaPUC  |9 326482 
650 0 |a Aspectos sociales  |9 254894 
583 |a last modification  |c 20161026 11:53:50  |k Rodrigo Vera 
999 |c 228471  |d 228469 
952 |0 0  |1 0  |4 0  |6 340_115000000000000_BOT_1993  |7 0  |8 DER_TF  |9 228594  |a BIBDER  |b BIBDER  |d 2019-11-15  |i 2981289  |l 1  |o 340.115 BOT 1993  |p 2981289  |r 2023-01-25  |s 2020-03-17  |w 2019-11-15  |x Ubicación 4to Piso  |y BK  |z Estos recursos deben solicitarse con anticipación  |k DER